Company law and secretarial practice (Record no. 5652)

MARC details
000 -LEADER
fixed length control field 00478cam a2200181ua 4500
001 - CONTROL NUMBER
control field 6508
005 - DATE AND TIME OF LATEST TRANSACTION
control field 20260515114048.0
008 - FIXED-LENGTH DATA ELEMENTS--GENERAL INFORMATION
fixed length control field 131216n ii |||gr||||Z||||||eng
040 ## - CATALOGING SOURCE
Transcribing agency MAIN
082 ## - DEWEY DECIMAL CLASSIFICATION NUMBER
Classification number 346.651
245 11 - TITLE STATEMENT
Title Company law and secretarial practice
Statement of responsibility, etc. By S. Sachdeva
260 ## - PUBLICATION, DISTRIBUTION, ETC.
Place of publication, distribution, etc. Agra:
Name of publisher, distributor, etc. Lakshmi narain agarwal,
Date of publication, distribution, etc. 1995.
300 ## - PHYSICAL DESCRIPTION
Extent vi,266p.
653 ## - INDEX TERM--UNCONTROLLED
Uncontrolled term Commerce
653 ## - INDEX TERM--UNCONTROLLED
Uncontrolled term Company law and secretarial practice
700 1# - ADDED ENTRY--PERSONAL NAME
Personal name Sachdeva,S.,
Relator term Author.
942 ## - ADDED ENTRY ELEMENTS (KOHA)
Koha item type Books
Holdings
Withdrawn status Lost status Damaged status Not for loan Home library Current library Shelving location Date acquired Total checkouts Full call number Barcode Date last seen Copy number Price effective from Koha item type
        Naharkatiya College Library Naharkatiya College Library General stacks 09/19/2020   346.651 | SAC 20001 09/19/2020 1 09/19/2020 Books